[Event "12. Torneo de Promoción Almansa 2017"]
[Site "Almansa ESP"]
[Date "2017.08.04"]
[Round "6.9"]
[White "Ramos Ferrandiz, Juan Carlos"]
[Black "Delgado Alarcon, Jesus Francis"]
[Result "0-1"]
[WhiteElo "2061"]
[BlackElo "2026"]
[PlyCount "56"]
[EventDate "2017.08.01"]
[EventType "swiss"]
[EventRounds "9"]
[EventCountry "ESP"]
[SourceTitle "Ajedrez en Madrid"]
[Source "lmi"]
[SourceDate "2017.08.01"]
[SourceVersion "1"]
[SourceVersionDate "2017.08.11"]
[SourceQuality "1"]

1. d4 f5 2. Nf3 Nf6 3. g3 e6 4. Bg2 d5 5. O-O Bd6 6. c4 c6 7. Nbd2 Nbd7 8. b3
O-O 9. Bb2 Ne4 10. Ne5 Nxe5 11. dxe5 Bc5 12. Rc1 Qb6 13. Nxe4 fxe4 14. e3 Bd7
15. Bd4 Bxd4 16. exd4 Rf7 17. Qd2 Raf8 18. c5 Qa6 19. a4 b6 20. f3 exf3 21. Bh3
bxc5 22. Rxc5 f2+ 23. Kg2 Rf3 24. Qg5 Qd3 25. Bg4 Re3 26. Rcc1 Qxd4 27. h3 Re1
28. Rcxe1 fxe1=N+ 0-1

[Event "12. Torneo de Promoción Almansa 2017"]
[Site "Almansa ESP"]
[Date "2017.08.04"]
[Round "6.10"]
[White "Garcia Munoz, Raul"]
[Black "Pastor Alonso De Prado, Albert"]
[Result "1-0"]
[WhiteElo "2003"]
[BlackElo "2176"]
[PlyCount "53"]
[EventDate "2017.08.01"]
[EventType "swiss"]
[EventRounds "9"]
[EventCountry "ESP"]
[SourceTitle "Ajedrez en Madrid"]
[Source "lmi"]
[SourceDate "2017.08.01"]
[SourceVersion "1"]
[SourceVersionDate "2017.08.11"]
[SourceQuality "1"]

1. c4 b6 2. Nc3 Bb7 3. Nf3 e6 4. e3 Nf6 5. b3 d5 6. Bb2 c5 7. cxd5 Nxd5 8. Be2
Be7 9. Nxd5 Qxd5 10. Bxg7 Rg8 11. Be5 Nc6 12. Bg3 Bf6 13. Rb1 Nb4 14. Bc4 Qf5
15. Bb5+ Kf8 16. d4 Be4 17. Rb2 Nc2+ 18. Ke2 cxd4 19. Bd3 Bxd3+ 20. Qxd3 Qxd3+
21. Kxd3 Nb4+ 22. Kc4 dxe3 23. Bd6+ Ke8 24. Be5 Rg4+ 25. Kb5 a6+ 26. Kxb6 Bd8+
27. Kb7 1-0

[Event "12. Torneo de Promoción Almansa 2017"]
[Site "Almansa ESP"]
[Date "2017.08.04"]
[Round "6.12"]
[White "Perez Beltran, Salvador"]
[Black "Garrido Fernandez, Javier"]
[Result "0-1"]
[WhiteElo "1908"]
[BlackElo "2093"]
[PlyCount "50"]
[EventDate "2017.08.01"]
[EventType "swiss"]
[EventRounds "9"]
[EventCountry "ESP"]
[SourceTitle "Ajedrez en Madrid"]
[Source "lmi"]
[SourceDate "2017.08.01"]
[SourceVersion "1"]
[SourceVersionDate "2017.08.11"]
[SourceQuality "1"]

1. d4 Nf6 2. Nf3 g6 3. c4 c5 4. d5 b5 5. Qc2 d6 6. e4 bxc4 7. Na3 Bg7 8. Nxc4
O-O 9. Be2 Nbd7 10. O-O Nb6 11. Nfd2 e6 12. dxe6 fxe6 13. e5 dxe5 14. Nxe5 Nfd5
15. Nd3 Ba6 16. Ne4 Rc8 17. Ndxc5 Nb4 18. Qd1 Qxd1 19. Bxd1 Bxf1 20. Kxf1 Rc6
21. Bd2 N4d5 22. Be2 Bxb2 23. Rb1 Bd4 24. Bb5 Rxc5 25. Nxc5 Bxc5 0-1

[Event "12. Torneo de Promoción Almansa 2017"]
[Site "Almansa ESP"]
[Date "2017.08.04"]
[Round "7.1"]
[White "Castellanos Gomez, Alejandro"]
[Black "Arias Igual, Alejandro"]
[Result "1/2-1/2"]
[WhiteElo "2238"]
[BlackElo "2232"]
[PlyCount "88"]
[EventDate "2017.08.01"]
[EventType "swiss"]
[EventRounds "9"]
[EventCountry "ESP"]
[SourceTitle "Ajedrez en Madrid"]
[Source "lmi"]
[SourceDate "2017.08.01"]
[SourceVersion "1"]
[SourceVersionDate "2017.08.11"]
[SourceQuality "1"]

1. d4 c5 2. c3 Nf6 3. Nf3 e6 4. e3 b6 5. Nbd2 Bb7 6. Bd3 Be7 7. O-O O-O 8. Re1
d6 9. b3 Nbd7 10. Bb2 Rc8 11. Qe2 cxd4 12. cxd4 Nd5 13. a3 Qc7 14. Rac1 Qb8 15.
Bb1 Rxc1 16. Rxc1 Rc8 17. Qd3 Rxc1+ 18. Bxc1 N5f6 19. Qc3 Nf8 20. Bd3 Bd5 21.
Qc2 Ng6 22. Bf1 Qb7 23. Ne1 Bc6 24. Nd3 Qd7 25. Nc4 h5 26. f3 h4 27. Nf2 e5 28.
Bd3 exd4 29. Bxg6 fxg6 30. Qxg6 b5 31. Nb2 dxe3 32. Bxe3 Qe6 33. Qd3 a6 34.
Nbd1 Nd5 35. Bd2 Qe5 36. Nc3 Bf6 37. Nfd1 h3 38. Nxd5 Bxd5 39. Bc3 Qe6 40. Bxf6
Qe1+ 41. Qf1 Qxf1+ 42. Kxf1 hxg2+ 43. Kxg2 Bxb3 44. Be7 Bxd1 1/2-1/2

[Event "12. Torneo de Promoción Almansa 2017"]
[Site "Almansa ESP"]
[Date "2017.08.04"]
[Round "7.2"]
[White "Esteban Romo, Francisco J"]
[Black "Silva Rodriguez, Fernando"]
[Result "1/2-1/2"]
[WhiteElo "2007"]
[BlackElo "2235"]
[PlyCount "156"]
[EventDate "2017.08.01"]
[EventType "swiss"]
[EventRounds "9"]
[EventCountry "ESP"]
[SourceTitle "Ajedrez en Madrid"]
[Source "lmi"]
[SourceDate "2017.08.01"]
[SourceVersion "1"]
[SourceVersionDate "2017.08.11"]
[SourceQuality "1"]

1. d4 d5 2. Bf4 Nf6 3. e3 c5 4. c3 Nc6 5. Nd2 cxd4 6. exd4 Bf5 7. Ngf3 e6 8.
Qb3 Qc8 9. Nh4 Be4 10. f3 Bg6 11. Nxg6 hxg6 12. g4 Be7 13. Bg2 Nd7 14. Bg3 Bh4
15. O-O Bxg3 16. hxg3 Qc7 17. Kf2 O-O-O 18. Rh1 g5 19. Rxh8 Rxh8 20. Rh1 Rxh1
21. Bxh1 g6 22. Bg2 Qd6 23. Bf1 a6 24. Qc2 e5 25. dxe5 Ndxe5 26. Kg2 Kb8 27.
Nb3 Nc4 28. Qf2 Qe5 29. Bxc4 dxc4 30. Nd2 Qd5 31. b3 cxb3 32. axb3 Ne5 33. Qe2
Nxg4 34. c4 Qe5 35. Ne4 f5 36. Nc3 Ne3+ 37. Kf2 Qxc3 38. Qxe3 Qxe3+ 39. Kxe3
Kc7 40. Kd4 Kd6 41. c5+ Kc6 42. Kc4 Kc7 43. Kd5 b6 44. b4 Kb7 45. Kd6 bxc5 46.
Kxc5 Kc7 47. Kd5 Kb6 48. Kc4 Kc6 49. Kc3 Kd5 50. Kd3 Kd6 51. Kd4 Kc6 52. Kc4
Kb6 53. Kc3 Kc7 54. Kc4 Kc6 55. Kc3 Kd5 56. Kd3 Ke5 57. Kc4 g4 58. fxg4 fxg4
59. Kc5 Ke4 60. Kb6 Kf3 61. Kxa6 Kxg3 62. b5 Kf3 63. b6 g3 64. b7 g2 65. b8=Q
g1=Q 66. Qb7+ Kg4 67. Qd7+ Kg5 68. Qe7+ Kf5 69. Qf7+ Ke4 70. Qe6+ Kf3 71. Qc6+
Ke2 72. Qe4+ Kf1 73. Qb1+ Kf2 74. Qc2+ Kf3 75. Qc6+ Ke2 76. Qe4+ Qe3 77. Qxg6
Qd3+ 78. Qxd3+ Kxd3 1/2-1/2

[Event "12. Torneo de Promoción Almansa 2017"]
[Site "Almansa ESP"]
[Date "2017.08.04"]
[Round "7.3"]
[White "Villasenor Rubio, Emilio Jose"]
[Black "Amate Tortosa, Bernardo"]
[Result "1/2-1/2"]
[WhiteElo "2231"]
[BlackElo "2103"]
[PlyCount "95"]
[EventDate "2017.08.01"]
[EventType "swiss"]
[EventRounds "9"]
[EventCountry "ESP"]
[SourceTitle "Ajedrez en Madrid"]
[Source "lmi"]
[SourceDate "2017.08.01"]
[SourceVersion "1"]
[SourceVersionDate "2017.08.11"]
[SourceQuality "1"]

1. Nf3 c5 2. g3 b6 3. Bg2 Bb7 4. O-O Nf6 5. c4 e6 6. Nc3 Be7 7. b3 O-O 8. Bb2
d6 9. Qc2 Nbd7 10. Rfd1 a6 11. d3 Qc7 12. Rac1 Rac8 13. e4 Ng4 14. h3 Nge5 15.
Ne1 Nc6 16. Ne2 d5 17. exd5 exd5 18. Nf4 d4 19. Nd5 Qd8 20. Nxe7+ Qxe7 21. a3
f5 22. f4 Nf6 23. Nf3 Rce8 24. Re1 Qc7 25. Qf2 Nd8 26. Rc2 Rxe1+ 27. Qxe1 Re8
28. Re2 Rxe2 29. Qxe2 Kf8 30. Bc1 Qe7 31. Kf2 Qxe2+ 32. Kxe2 Nf7 33. Bd2 a5 34.
b4 axb4 35. axb4 Ke7 36. Kf2 g6 37. bxc5 bxc5 38. Bf1 Kd6 39. Ng5 Nxg5 40. fxg5
Nd7 41. Bf4+ Ne5 42. Be2 Ke6 43. h4 Ng4+ 44. Ke1 Bc6 45. Kd2 Ne5 46. Ke1 Ng4
47. Kd2 Kd7 48. Ke1 1/2-1/2

[Event "12. Torneo de Promoción Almansa 2017"]
[Site "Almansa ESP"]
[Date "2017.08.04"]
[Round "7.4"]
[White "Gonzalez Laso, Adrian"]
[Black "Garcia Romero, Benjamin Abel"]
[Result "1-0"]
[WhiteElo "2210"]
[BlackElo "2217"]
[PlyCount "79"]
[EventDate "2017.08.01"]
[EventType "swiss"]
[EventRounds "9"]
[EventCountry "ESP"]
[SourceTitle "Ajedrez en Madrid"]
[Source "lmi"]
[SourceDate "2017.08.01"]
[SourceVersion "1"]
[SourceVersionDate "2017.08.11"]
[SourceQuality "1"]

1. e4 e5 2. Nf3 Nc6 3. Bb5 Nf6 4. O-O Nxe4 5. d4 Nd6 6. dxe5 Nxb5 7. a4 Nbd4 8.
Nxd4 Qh4 9. Nb5 Kd8 10. Nd2 Nxe5 11. Nf3 Nxf3+ 12. Qxf3 f6 13. Bf4 d6 14. Qc3
c6 15. g3 Qh3 16. Nxd6 Bxd6 17. Rad1 Ke7 18. Rxd6 Re8 19. Re1+ Kf7 20. Qb3+ Be6
21. Rdxe6 Rxe6 22. Qxb7+ Kg6 23. Rxe6 Qxe6 24. Qxa8 Qe1+ 25. Kg2 Qe4+ 26. Kf1
Qc4+ 27. Kg1 Qxa4 28. Qe8+ Kf5 29. Qd7+ Kg6 30. Qd3+ f5 31. h4 h6 32. h5+ Kxh5
33. Qxf5+ g5 34. Be3 Qc4 35. Kg2 a5 36. b3 Qe2 37. Qh3+ Kg6 38. Qe6+ Kh5 39.
Qxc6 Qe1 40. g4+ 1-0

[Event "12. Torneo de Promoción Almansa 2017"]
[Site "Almansa ESP"]
[Date "2017.08.04"]
[Round "7.5"]
[White "Delgado Alarcon, Jesus Francis"]
[Black "Villar Reymundo, Juan Antonio"]
[Result "1/2-1/2"]
[WhiteElo "2026"]
[BlackElo "2215"]
[PlyCount "90"]
[EventDate "2017.08.01"]
[EventType "swiss"]
[EventRounds "9"]
[EventCountry "ESP"]
[SourceTitle "Ajedrez en Madrid"]
[Source "lmi"]
[SourceDate "2017.08.01"]
[SourceVersion "1"]
[SourceVersionDate "2017.08.11"]
[SourceQuality "1"]

1. d4 Nf6 2. e3 g6 3. f4 Bg7 4. Nf3 d6 5. c3 O-O 6. Bc4 c5 7. O-O Nc6 8. a3 Qb6
9. Nbd2 cxd4 10. exd4 e5 11. Qb3 Qxb3 12. Nxb3 e4 13. Ne1 d5 14. Be2 Ne8 15.
Nc2 f5 16. Nb4 Ne7 17. Be3 Nd6 18. Nd2 Be6 19. Rac1 a5 20. Nc2 Rfc8 21. h3 Bd7
22. g3 Bb5 23. Kf2 Bc4 24. Nxc4 Nxc4 25. Bxc4 Rxc4 26. Bd2 b5 27. Ne3 Rc7 28.
Rfd1 Kf7 29. Be1 Ke6 30. b3 Rd7 31. a4 Rb8 32. Ra1 bxa4 33. Rxa4 Rxb3 34. Rxa5
Rdb7 35. Ra6+ R7b6 36. Ra7 Rb7 37. Ra6+ R3b6 38. Rda1 Bf6 39. Bd2 Nc8 40. Ke2
Ne7 41. Bc1 Nc6 42. Kd2 Be7 43. Nc2 g5 44. Ke2 h6 45. Ra8 Rb8 1/2-1/2

[Event "12. Torneo de Promoción Almansa 2017"]
[Site "Almansa ESP"]
[Date "2017.08.04"]
[Round "7.6"]
[White "Jordan Martinez, Miguel"]
[Black "Lara Granero, Bio"]
[Result "0-1"]
[WhiteElo "2212"]
[BlackElo "2063"]
[PlyCount "60"]
[EventDate "2017.08.01"]
[EventType "swiss"]
[EventRounds "9"]
[EventCountry "ESP"]
[SourceTitle "Ajedrez en Madrid"]
[Source "lmi"]
[SourceDate "2017.08.01"]
[SourceVersion "1"]
[SourceVersionDate "2017.08.11"]
[SourceQuality "1"]

1. e4 c5 2. c3 Nf6 3. e5 Nd5 4. d4 cxd4 5. Nf3 Nc6 6. cxd4 e6 7. Bc4 d6 8. O-O
Be7 9. Qe2 O-O 10. Nc3 Nxc3 11. bxc3 dxe5 12. dxe5 Qc7 13. Qe4 b6 14. Bd3 g6
15. Bg5 Bxg5 16. Nxg5 Nxe5 17. Qxa8 Bb7 18. Qxf8+ Kxf8 19. Be4 h6 20. Bxb7 hxg5
21. Be4 f5 22. Bc2 Ng4 23. g3 Qh7 24. Kg2 Qxh2+ 25. Kf3 Ne5+ 26. Ke3 Qg2 27.
Rae1 Qf3+ 28. Kd2 Nc4+ 29. Kc1 Qxc3 30. Re2 Qb2+ 0-1

[Event "12. Torneo de Promoción Almansa 2017"]
[Site "Almansa ESP"]
[Date "2017.08.04"]
[Round "7.8"]
[White "Navarro Lopez-Menchero, Daniel"]
[Black "Alvarez Morales, Miguel"]
[Result "1/2-1/2"]
[WhiteElo "2266"]
[BlackElo "2055"]
[PlyCount "66"]
[EventDate "2017.08.01"]
[EventType "swiss"]
[EventRounds "9"]
[EventCountry "ESP"]
[SourceTitle "Ajedrez en Madrid"]
[Source "lmi"]
[SourceDate "2017.08.01"]
[SourceVersion "1"]
[SourceVersionDate "2017.08.11"]
[SourceQuality "1"]

1. e4 c5 2. Nf3 e6 3. d4 cxd4 4. Nxd4 a6 5. Nc3 Nf6 6. Be2 Qc7 7. O-O d6 8. Kh1
Be7 9. f4 Nc6 10. Be3 Nxd4 11. Bxd4 b5 12. Bf3 Bb7 13. e5 dxe5 14. fxe5 Nd7 15.
Bxb7 Qxb7 16. Qg4 O-O 17. Ne4 Kh8 18. Rad1 Rae8 19. Ng5 Bxg5 20. Qxg5 Qe4 21.
Bc3 Nb6 22. Bd4 Nd7 23. c3 Qg6 24. Qxg6 hxg6 25. Kg1 Rc8 26. Rf2 Kg8 27. Re2
Rfd8 28. Red2 Nc5 29. Bxc5 Rxd2 30. Rxd2 Rxc5 31. Rd8+ Kh7 32. Rd7 Kg8 33. Rd8+
Kh7 1/2-1/2

[Event "12. Torneo de Promoción Almansa 2017"]
[Site "Almansa ESP"]
[Date "2017.08.04"]
[Round "7.11"]
[White "Gimenez Menchon, Cesar"]
[Black "Menguez Rodriguez, Felipe"]
[Result "1-0"]
[WhiteElo "2167"]
[BlackElo "1736"]
[PlyCount "39"]
[EventDate "2017.08.01"]
[EventType "swiss"]
[EventRounds "9"]
[EventCountry "ESP"]
[SourceTitle "Ajedrez en Madrid"]
[Source "lmi"]
[SourceDate "2017.08.01"]
[SourceVersion "1"]
[SourceVersionDate "2017.08.11"]
[SourceQuality "1"]

1. e4 e5 2. Nf3 Nf6 3. Nxe5 d6 4. Nf3 Nxe4 5. Nc3 Nxc3 6. dxc3 Bf5 7. Qd5 Qe7+
8. Be3 Be4 9. Qb3 Nd7 10. O-O-O b6 11. Ba6 Qe6 12. Bc4 d5 13. Rxd5 O-O-O 14.
Ng5 Qg6 15. Nxe4 Qxe4 16. Qa4 Kb8 17. Rd4 Qxg2 18. Rhd1 Bd6 19. Bd5 Nc5 20. Qc6
1-0

[Event "12. Torneo de Promoción Almansa 2017"]
[Site "Almansa ESP"]
[Date "2017.08.04"]
[Round "7.12"]
[White "Sanchez Jerez, Emilio Miguel"]
[Black "Martinez Lopez, Jaume"]
[Result "0-1"]
[WhiteElo "2146"]
[BlackElo "1974"]
[PlyCount "39"]
[EventDate "2017.08.01"]
[EventType "swiss"]
[EventRounds "9"]
[EventCountry "ESP"]
[SourceTitle "Ajedrez en Madrid"]
[Source "lmi"]
[SourceDate "2017.08.01"]
[SourceVersion "1"]
[SourceVersionDate "2017.08.11"]
[SourceQuality "1"]

1. c3 e6 2. Nf3 c5 3. e4 d5 4. exd5 Qxd5 5. d4 Nf6 6. Bd3 Nc6 7. O-O Be7 8. Be3
O-O 9. a3 Rd8 10. Qe2 b6 11. Rd1 Qh5 12. Nbd2 cxd4 13. cxd4 Bb7 14. Rac1 Bd6
15. h3 Nd5 16. Qf1 Nf4 17. Ba6 Bxa6 18. Qxa6 Rac8 19. Ne4 Qg6 20. Ng3 0-1

[Event "12. Torneo de Promoción Almansa 2017"]
[Site "Almansa ESP"]
[Date "2017.08.04"]
[Round "7.14"]
[White "Cebrian Flores, Juan Antonio"]
[Black "Salazar De La Cruz, Jose Maria"]
[Result "1-0"]
[WhiteElo "2057"]
[BlackElo "2000"]
[PlyCount "43"]
[EventDate "2017.08.01"]
[EventType "swiss"]
[EventRounds "9"]
[EventCountry "ESP"]
[SourceTitle "Ajedrez en Madrid"]
[Source "lmi"]
[SourceDate "2017.08.01"]
[SourceVersion "1"]
[SourceVersionDate "2017.08.11"]
[SourceQuality "1"]

1. e4 e6 2. d4 d5 3. Nc3 Nf6 4. Bg5 Bb4 5. Nge2 dxe4 6. a3 Be7 7. Bxf6 gxf6 8.
Nxe4 f5 9. N4c3 b6 10. Qd3 Bb7 11. O-O-O Nd7 12. d5 Nc5 13. Qb5+ Qd7 14. dxe6
Qxb5 15. Nxb5 Nxe6 16. Ned4 Bg5+ 17. Kb1 Rd8 18. Bc4 Nxd4 19. Nxd4 O-O 20. h4
Bf6 21. Nxf5 Bxg2 22. Rdg1 1-0

[Event "12. Torneo de Promoción Almansa 2017"]
[Site "Almansa ESP"]
[Date "2017.08.05"]
[Round "8.1"]
[White "Arias Igual, Alejandro"]
[Black "Silva Rodriguez, Fernando"]
[Result "1/2-1/2"]
[WhiteElo "2232"]
[BlackElo "2235"]
[PlyCount "98"]
[EventDate "2017.08.01"]
[EventType "swiss"]
[EventRounds "9"]
[EventCountry "ESP"]
[SourceTitle "Ajedrez en Madrid"]
[Source "lmi"]
[SourceDate "2017.08.01"]
[SourceVersion "1"]
[SourceVersionDate "2017.08.11"]
[SourceQuality "1"]

1. d4 d5 2. c4 e6 3. Nf3 Nf6 4. Nc3 Be7 5. Bg5 O-O 6. e3 b6 7. Bd3 Bb7 8. O-O
Nbd7 9. cxd5 Nxd5 10. Bxe7 Qxe7 11. Nxd5 exd5 12. Rc1 Rfc8 13. Qa4 g6 14. Bb5
Nb8 15. Rc2 a6 16. Be2 Nd7 17. Rfc1 c6 18. Qb3 f6 19. Ne1 Kg7 20. Bg4 f5 21.
Bf3 a5 22. a3 a4 23. Qc3 Ba6 24. Be2 Bxe2 25. Rxe2 Qf6 26. Nd3 c5 27. dxc5 Nxc5
28. Rec2 Qxc3 29. Rxc3 Ra5 30. g3 Nxd3 31. Rxc8 Nxc1 32. Rxc1 Rc5 33. Rd1 Kf6
34. Rd4 b5 35. h4 Ke5 36. Rb4 Kd6 37. Kg2 Kc6 38. b3 axb3 39. Rxb3 Rc2 40. Kf3
Rc4 41. Rd3 Kc5 42. Rb3 h6 43. Ke2 Rc2+ 44. Kf3 Rc4 45. Ke2 Rc2+ 46. Kf3 Kc4
47. Rb4+ Kc5 48. Rb3 Kc4 49. Rb4+ Kc5 1/2-1/2

[Event "12. Torneo de Promoción Almansa 2017"]
[Site "Almansa ESP"]
[Date "2017.08.05"]
[Round "8.2"]
[White "Villasenor Rubio, Emilio Jose"]
[Black "Gonzalez Laso, Adrian"]
[Result "1/2-1/2"]
[WhiteElo "2231"]
[BlackElo "2210"]
[PlyCount "118"]
[EventDate "2017.08.01"]
[EventType "swiss"]
[EventRounds "9"]
[EventCountry "ESP"]
[SourceTitle "Ajedrez en Madrid"]
[Source "lmi"]
[SourceDate "2017.08.01"]
[SourceVersion "1"]
[SourceVersionDate "2017.08.11"]
[SourceQuality "1"]

1. e4 e6 2. d4 d5 3. Nc3 Bb4 4. e5 c5 5. Bd2 Nc6 6. Nb5 Bxd2+ 7. Qxd2 Nxd4 8.
Nxd4 cxd4 9. Nf3 Ne7 10. Nxd4 Bd7 11. f4 Qb6 12. O-O-O Nc6 13. c3 Rc8 14. Kb1
O-O 15. Nb3 a5 16. Bd3 a4 17. Nd4 a3 18. b3 Nxd4 19. cxd4 g6 20. Bc2 Rc7 21.
Rc1 Rfc8 22. h4 Rc4 23. Rhd1 Qb4 24. Qxb4 Rxb4 25. Rd2 Rc3 26. Bd1 Re3 27. Bf3
Bb5 28. Rc8+ Kg7 29. Kc2 Ba6 30. Rc5 Rb6 31. Ra5 Rc6+ 32. Kd1 Rec3 33. Ke1 Bd3
34. Rxa3 Rc1+ 35. Rd1 Rxd1+ 36. Bxd1 Be4 37. Ra7 Rc7 38. g3 h6 39. Kd2 g5 40.
h5 gxf4 41. gxf4 Bg2 42. a4 Bf1 43. a5 Kf8 44. Ra8+ Kg7 45. Ra7 Kf8 46. Bc2 Ke7
47. Ra8 Bg2 48. Rh8 Bf3 49. Rxh6 Rc8 50. Rh7 Rxc2+ 51. Kxc2 Be4+ 52. Kc3 Bxh7
53. Kb4 Kd7 54. Kc5 Kc7 55. b4 Bd3 56. h6 Bg6 57. Kb5 Bd3+ 58. Kc5 Bg6 59. Kb5
Bd3+ 1/2-1/2

[Event "12. Torneo de Promoción Almansa 2017"]
[Site "Almansa ESP"]
[Date "2017.08.05"]
[Round "8.3"]
[White "Amate Tortosa, Bernardo"]
[Black "Castellanos Gomez, Alejandro"]
[Result "0-1"]
[WhiteElo "2103"]
[BlackElo "2238"]
[PlyCount "80"]
[EventDate "2017.08.01"]
[EventType "swiss"]
[EventRounds "9"]
[EventCountry "ESP"]
[SourceTitle "Ajedrez en Madrid"]
[Source "lmi"]
[SourceDate "2017.08.01"]
[SourceVersion "1"]
[SourceVersionDate "2017.08.11"]
[SourceQuality "1"]

1. Nf3 d5 2. c4 e6 3. g3 Nf6 4. Bg2 Be7 5. b3 O-O 6. Bb2 a5 7. Nc3 c6 8. d4
Nbd7 9. O-O Qb6 10. Qd3 Rd8 11. Rfd1 Qa6 12. Rac1 Ne8 13. e4 dxc4 14. bxc4 Nb6
15. Ne2 Nc7 16. Nf4 Nd7 17. Qe3 Re8 18. e5 Nf8 19. Nh5 Ng6 20. Ng5 Bxg5 21.
Qxg5 Bd7 22. Ba3 Rac8 23. Bd6 b5 24. Nf6+ gxf6 25. exf6 Kh8 26. Qh6 Rg8 27.
Bxc7 Rxc7 28. cxb5 Qc8 29. b6 Rb7 30. Rc5 Qf8 31. Qh5 Rxb6 32. Be4 Rb5 33. Rdc1
Rxc5 34. Rxc5 h6 35. Rg5 Kh7 36. Rg4 Be8 37. Rh4 Rh8 38. g4 Kg8 39. g5 Nxh4 40.
Qxh4 h5 0-1

[Event "12. Torneo de Promoción Almansa 2017"]
[Site "Almansa ESP"]
[Date "2017.08.05"]
[Round "8.4"]
[White "Romero Berruezo, Francisco"]
[Black "Esteban Romo, Francisco J"]
[Result "1-0"]
[WhiteElo "2132"]
[BlackElo "2007"]
[PlyCount "169"]
[EventDate "2017.08.01"]
[EventType "swiss"]
[EventRounds "9"]
[EventCountry "ESP"]
[SourceTitle "Ajedrez en Madrid"]
[Source "lmi"]
[SourceDate "2017.08.01"]
[SourceVersion "1"]
[SourceVersionDate "2017.08.11"]
[SourceQuality "1"]

1. e4 d6 2. d4 Nf6 3. Nc3 e5 4. Nf3 Nbd7 5. Bc4 Be7 6. a4 O-O 7. O-O exd4 8.
Qxd4 c6 9. Bf4 Qb6 10. Rfd1 Qxd4 11. Nxd4 Nc5 12. f3 a5 13. Nde2 Rd8 14. Be3
Be6 15. Bxe6 Nxe6 16. Rd2 Nd7 17. Rad1 Ne5 18. b3 g6 19. h3 Nd7 20. Bf2 Nf6 21.
g4 h5 22. Kg2 Rdc8 23. Be3 hxg4 24. hxg4 g5 25. Ng3 d5 26. Nce2 dxe4 27. Nxe4
Nd5 28. Kf2 Nxe3 29. Kxe3 b5 30. Rd7 Kf8 31. Rh1 Bc5+ 32. Nxc5 Nxc5 33. Rh8+
Kg7 34. Rxc8 Rxc8 35. Ra7 Re8+ 36. Kf2 bxa4 37. bxa4 Nxa4 38. Rxa5 Nb6 39.
Rxg5+ Kf8 40. Nd4 Rd8 41. Nb3 Nd5 42. Rh5 Ke7 43. Nd4 Kd7 44. Rh7 Rf8 45. Nf5
Nb4 46. c4 Nd3+ 47. Kg3 Ne5 48. Ne3 Kd6 49. f4 Nd7 50. g5 Kc5 51. Kg4 Kd4 52.
Nf5+ Kxc4 53. Nd6+ Kd5 54. Nxf7 c5 55. Nh6 Rd8 56. Kf3 c4 57. Ng4 Ke6 58. Rh6+
Kd5 59. Rh1 Kc5 60. g6 c3 61. Ke4 Kc4 62. Ne5+ Nxe5 63. fxe5 c2 64. Rc1 Kc3 65.
e6 Rd1 66. Rxc2+ Kxc2 67. g7 Rg1 68. e7 Re1+ 69. Kd4 Rxe7 70. g8=Q Rd7+ 71. Kc5
Rc7+ 72. Kd6 Rc3 73. Qg2+ Kb3 74. Kd5 Rc2 75. Qf3+ Rc3 76. Qd1+ Kb2 77. Kd4 Rc1
78. Qd2+ Rc2 79. Qb4+ Ka2 80. Kd3 Rb2 81. Qa4+ Kb1 82. Kc3 Rb8 83. Qd1+ Ka2 84.
Qd5+ Ka1 85. Qh1+ 1-0

[Event "12. Torneo de Promoción Almansa 2017"]
[Site "Almansa ESP"]
[Date "2017.08.05"]
[Round "8.5"]
[White "Garcia Romero, Benjamin Abel"]
[Black "Lara Granero, Bio"]
[Result "1/2-1/2"]
[WhiteElo "2217"]
[BlackElo "2063"]
[PlyCount "119"]
[EventDate "2017.08.01"]
[EventType "swiss"]
[EventRounds "9"]
[EventCountry "ESP"]
[SourceTitle "Ajedrez en Madrid"]
[Source "lmi"]
[SourceDate "2017.08.01"]
[SourceVersion "1"]
[SourceVersionDate "2017.08.11"]
[SourceQuality "1"]

1. Nf3 g6 2. e4 Bg7 3. d4 d6 4. c4 Bg4 5. Be2 c5 6. d5 Bxf3 7. Bxf3 Nd7 8. O-O
Ngf6 9. Nc3 O-O 10. Bf4 Ne5 11. Be2 a6 12. Qc2 Qa5 13. a3 Rfb8 14. Rab1 Qc7 15.
h3 Nfd7 16. Be3 Nf8 17. Rfd1 h6 18. f4 Ned7 19. Kh1 Qa5 20. b4 Qc7 21. Rbc1 Rc8
22. Na4 cxb4 23. axb4 b5 24. Nb2 a5 25. Qd2 axb4 26. Qxb4 bxc4 27. Nxc4 Qb8 28.
Qe1 Ra2 29. Bf3 Qb3 30. Na5 Rxa5 31. Rxc8 Ra2 32. Bf2 g5 33. Bg4 gxf4 34. Rb1
Qd3 35. Rd1 Qb3 36. Rb1 Qd3 37. Rd1 Qb3 38. Bd4 Bxd4 39. Rxd4 Qb2 40. Qg1 Ne5
41. Bd1 Ra1 42. Ra4 Rxa4 43. Bxa4 Qb4 44. Qd1 Qxe4 45. Bc2 Qe3 46. Rb8 Qg3 47.
Be4 Kg7 48. Rb3 Qf2 49. Qa1 Nfd7 50. Rf3 Qh4 51. Rf1 Nf6 52. Bf3 Qg5 53. Qd4
Ng6 54. Rd1 Nh4 55. Qf2 Nf5 56. Qb2 Qg3 57. Rf1 Qg5 58. Re1 Qg3 59. Rf1 Qg5 60.
Re1 1/2-1/2

[Event "12. Torneo de Promoción Almansa 2017"]
[Site "Almansa ESP"]
[Date "2017.08.05"]
[Round "8.6"]
[White "Gil Quilez, David"]
[Black "Delgado Alarcon, Jesus Francis"]
[Result "1/2-1/2"]
[WhiteElo "2214"]
[BlackElo "2026"]
[PlyCount "30"]
[EventDate "2017.08.01"]
[EventType "swiss"]
[EventRounds "9"]
[EventCountry "ESP"]
[SourceTitle "Ajedrez en Madrid"]
[Source "lmi"]
[SourceDate "2017.08.01"]
[SourceVersion "1"]
[SourceVersionDate "2017.08.11"]
[SourceQuality "1"]

1. e4 c5 2. Nf3 Nc6 3. c3 e6 4. d4 d5 5. e5 cxd4 6. cxd4 Bb4+ 7. Bd2 Qb6 8.
Bxb4 Qxb4+ 9. Qd2 Qxd2+ 10. Kxd2 Nge7 11. Nc3 O-O 12. Bb5 f6 13. exf6 Rxf6 14.
h4 Bd7 15. Bxc6 Nxc6 1/2-1/2

[Event "12. Torneo de Promoción Almansa 2017"]
[Site "Almansa ESP"]
[Date "2017.08.05"]
[Round "8.7"]
[White "Villar Reymundo, Juan Antonio"]
[Black "Navarro Lopez-Menchero, Daniel"]
[Result "0-1"]
[WhiteElo "2215"]
[BlackElo "2266"]
[PlyCount "90"]
[EventDate "2017.08.01"]
[EventType "swiss"]
[EventRounds "9"]
[EventCountry "ESP"]
[SourceTitle "Ajedrez en Madrid"]
[Source "lmi"]
[SourceDate "2017.08.01"]
[SourceVersion "1"]
[SourceVersionDate "2017.08.11"]
[SourceQuality "1"]

1. d4 Nf6 2. c4 g6 3. f3 c5 4. d5 e6 5. Nc3 exd5 6. cxd5 d6 7. e4 Bg7 8. Bg5
O-O 9. Qd2 a6 10. a4 Qa5 11. Ra3 Re8 12. Nge2 Nbd7 13. Ng3 Rb8 14. Be2 Qc7 15.
O-O b6 16. b3 c4 17. b4 h5 18. h3 Nf8 19. Raa1 Bd7 20. Rfe1 Ra8 21. Be3 b5 22.
a5 h4 23. Nh1 N6h7 24. Bb6 Qb7 25. Nf2 g5 26. Nfd1 Ng6 27. Ne3 Nf4 28. Rac1 Nf8
29. Nc2 N8g6 30. Be3 Qc8 31. Bf1 Qd8 32. Nd1 Qf6 33. Bd4 Ne5 34. Nf2 Rac8 35.
Red1 Qg6 36. Rb1 f5 37. Ne3 fxe4 38. fxe4 Rf8 39. Be2 Nxe2+ 40. Qxe2 Nd3 41.
Nf5 Nf4 42. Ne7+ Kf7 43. Nxg6 Nxe2+ 44. Kf1 Ng3+ 45. Ke1 Kxg6 0-1